[Event "DEM U10 2018"]
[Site "Willingen GER"]
[Date "2018.05.21"]
[Round "4"]
[White "Cilo, Selimhan"]
[Black "Kempe, Caius Emilian"]
[Result "1-0"]
[Termination "normal"]
[Board "10"]
[WhiteElo "1400"]
[BlackElo "1522"]
[WhiteClock "00:21:27"]
[BlackClock "00:45:56"]
[PlyCount "105"]
[WhiteFideId "16246756"]
[BlackFideId "16246861"]
[EventCountry "GER"]
[EventRounds "11"]
[EventType "swiss"]
[EventDate "2018.05.19"]

1. e4 {[%clk 1:15:56]} 1... c5 {[%clk 1:15:55]} 2. Nf3 {[%clk 1:16:13]} 2... d6
{[%clk 1:15:59]} 3. d4 {[%clk 1:16:16]} 3... cxd4 {[%clk 1:15:55]} 4. Nxd4 {
[%clk 1:16:18]} 4... Nf6 {[%clk 1:15:42]} 5. Nc3 {[%clk 1:15:57]} 5... g6 {
[%clk 1:15:32]} 6. f4 {[%clk 1:14:25]} 6... Bg7 {[%clk 1:13:47]} 7. e5 { [%clk
1:13:57]} 7... dxe5 {[%clk 1:13:15]} 8. fxe5 {[%clk 1:14:08]} 8... Nd5 { [%clk
1:11:30]} 9. Bb5+ {[%clk 1:08:03]} 9... Bd7 {[%clk 1:11:41]} 10. e6 { [%clk
1:03:03]} 10... Bxb5 {[%clk 1:11:15]} 11. exf7+ {[%clk 1:02:44]} 11... Kxf7
{[%clk 1:11:03]} 12. Qf3+ {[%clk 1:00:13]} 12... Nf6 {[%clk 1:09:44]} 13. Ndxb5
{[%clk 0:57:21]} 13... Nc6 {[%clk 1:08:22]} 14. O-O {[%clk 0:55:57]} 14... Rf8
{[%clk 1:05:07]} 15. Be3 {[%clk 0:51:44]} 15... a6 {[%clk 1:04:49]} 16. Rad1
{[%clk 0:51:07]} 16... Qc8 {[%clk 1:04:22]} 17. Nd4 {[%clk 0:44:44]} 17... Nxd4
{[%clk 1:02:41]} 18. Bxd4 {[%clk 0:43:22]} 18... Kg8 {[%clk 1:02:48] } 19. Qe3
{[%clk 0:42:49]} 19... Qc7 {[%clk 1:02:07]} 20. Qe6+ {[%clk 0:39:01]} 20... Kh8
{[%clk 1:01:03]} 21. Rde1 {[%clk 0:33:50]} 21... Qd6 {[%clk 0:58:31]} 22. Qxd6
{[%clk 0:32:21]} 22... exd6 {[%clk 0:58:54]} 23. Re6 {[%clk 0:32:09]} 23...
Rad8 {[%clk 0:55:46]} 24. Bxf6 {[%clk 0:30:51]} 24... Bxf6 { [%clk 0:54:05]}
25. Rfxf6 {[%clk 0:30:48]} 25... Rxf6 26. Rxf6 {[%clk 0:31:11]} 26... Kg7
{[%clk 0:54:13]} 27. Rf3 27... Re8 {[%clk 0:53:13]} 28. Kf2 { [%clk 0:30:10]}
28... g5 {[%clk 0:49:44]} 29. Rd3 {[%clk 0:29:38]} 29... Re6 { [%clk 0:50:07]}
30. a4 {[%clk 0:28:18]} 30... h6 {[%clk 0:49:54]} 31. Kf3 { [%clk 0:27:56]}
31... Kf7 {[%clk 0:49:11]} 32. Ne2 {[%clk 0:26:22]} 32... g4+ { [%clk 0:47:56]}
33. Kf2 {[%clk 0:26:35]} 33... b6 {[%clk 0:46:22]} 34. Rb3 { [%clk 0:25:29]}
34... d5 {[%clk 0:46:44]} 35. Nf4 {[%clk 0:24:22]} 35... Rd6 { [%clk 0:46:26]}
36. Kg3 {[%clk 0:24:24]} 36... Kf6 {[%clk 0:46:45]} 37. Kxg4 { [%clk 0:24:21]}
37... Ke5 {[%clk 0:46:59]} 38. Rd3 {[%clk 0:22:25]} 38... d4 { [%clk 0:46:05]}
39. c3 {[%clk 0:22:11]} 39... dxc3 {[%clk 0:45:05]} 40. Rxd6 { [%clk 0:20:11]}
40... Kxd6 {[%clk 0:45:12]} 41. bxc3 {[%clk 0:20:27]} 41... Kc5 {[%clk
0:45:25]} 42. Kh5 {[%clk 0:20:39]} 42... Kc4 {[%clk 0:45:47]} 43. Ne2 { [%clk
0:20:33]} 43... Kb3 {[%clk 0:45:46]} 44. Kxh6 {[%clk 0:20:32]} 44... Kxa4
{[%clk 0:46:10]} 45. g4 {[%clk 0:20:15]} 45... Kb3 {[%clk 0:45:29]} 46. g5 {
[%clk 0:20:32]} 46... a5 {[%clk 0:45:53]} 47. g6 {[%clk 0:20:58]} 47... a4 {
[%clk 0:46:16]} 48. Nc1+ {[%clk 0:20:31]} 48... Kxc3 {[%clk 0:45:52]} 49. g7 {
[%clk 0:20:52]} 49... b5 {[%clk 0:46:07]} 50. g8=Q {[%clk 0:21:01]} 50... Kb2 {
[%clk 0:45:35]} 51. Qd5 {[%clk 0:21:03]} 51... Kxc1 {[%clk 0:45:35]} 52. Qxb5 {
[%clk 0:21:27]} 52... a3 {[%clk 0:45:56]} 53. Qb3 1-0

[Event "DEM U10 2018"]
[Site "Willingen GER"]
[Date "2018.05.21"]
[Round "4"]
[White "Kieselbach, Jannik"]
[Black "Korek, Jakob Alexander"]
[Result "1-0"]
[Termination "normal"]
[Board "11"]
[WhiteElo "1397"]
[BlackElo "1517"]
[WhiteClock "01:14:38"]
[BlackClock "00:58:57"]
[PlyCount "35"]
[WhiteFideId "16246403"]
[BlackFideId "16240022"]
[EventCountry "GER"]
[EventRounds "11"]
[EventType "swiss"]
[EventDate "2018.05.19"]

1. d4 {[%clk 1:15:58]} 1... d5 {[%clk 1:15:44]} 2. e3 {[%clk 1:16:04]} 2... Nf6
{[%clk 1:15:57]} 3. Bd3 {[%clk 1:15:48]} 3... e6 {[%clk 1:16:02]} 4. Nd2 {
[%clk 1:16:13]} 4... c5 {[%clk 1:16:05]} 5. c3 {[%clk 1:16:26]} 5... Nc6 {
[%clk 1:16:19]} 6. f4 {[%clk 1:16:44]} 6... Bd6 {[%clk 1:16:17]} 7. a3 { [%clk
1:16:10]} 7... O-O {[%clk 1:15:29]} 8. Ngf3 {[%clk 1:16:29]} 8... b6 { [%clk
1:15:30]} 9. O-O {[%clk 1:16:38]} 9... Bb7 {[%clk 1:15:45]} 10. Ne5 { [%clk
1:16:49]} 10... Ne7 {[%clk 1:15:57]} 11. Rf3 {[%clk 1:16:52]} 11... Nf5 { [%clk
1:15:36]} 12. Rh3 {[%clk 1:16:27]} 12... Be7 {[%clk 1:14:15]} 13. g4 { [%clk
1:14:47]} 13... Nd6 {[%clk 1:14:22]} 14. g5 {[%clk 1:14:48]} 14... Nfe4 { [%clk
1:06:06]} 15. Qh5 {[%clk 1:14:20]} 15... h6 {[%clk 1:05:39]} 16. gxh6 { [%clk
1:14:35]} 16... Nf5 {[%clk 1:04:55]} 17. hxg7 {[%clk 1:14:23]} 17... Kxg7
{[%clk 0:58:57]} 18. Qh7+ {[%clk 1:14:38]} 1-0

[Event "DEM U10 2018"]
[Site "Willingen GER"]
[Date "2018.05.21"]
[Round "4"]
[White "Kiefhaber, Tobias"]
[Black "Apel, Linus"]
[Result "1-0"]
[Termination "normal"]
[Board "13"]
[WhiteElo "1551"]
[BlackElo "1283"]
[PlyCount "35"]
[WhiteFideId "16240693"]
[BlackFideId "16265785"]
[EventCountry "GER"]
[EventRounds "11"]
[EventType "swiss"]
[EventDate "2018.05.19"]

1. d4 d5 2. Nf3 Bf5 3. c4 e6 4. Nc3 Nf6 5. Bg5 Be7 6. e3 O-O 7. Qb3 b6 8. Bxf6
Bxf6 9. cxd5 exd5 10. Qxd5 Nd7 11. Qxf5 c5 12. Ne4 cxd4 13. Nxf6+ Nxf6 14. Nxd4
Re8 15. Be2 Re4 16. O-O Rc8 17. Rad1 Qe8 18. Bb5 1-0

[Event "DEM U10 2018"]
[Site "Willingen GER"]
[Date "2018.05.21"]
[Round "4"]
[White "Nitsche, Nikolai"]
[Black "Sauer, Tim"]
[Result "1-0"]
[Termination "normal"]
[Board "14"]
[WhiteElo "1810"]
[BlackElo "1378"]
[PlyCount "69"]
[WhiteFideId "16221036"]
[BlackFideId "16265726"]
[EventCountry "GER"]
[EventRounds "11"]
[EventType "swiss"]
[EventDate "2018.05.19"]

1. d4 d5 2. Bf4 Bf5 3. e3 e6 4. Nf3 Nf6 5. Bd3 Bg6 6. O-O c6 7. Nbd2 Bd6 8. Ne5
Qc7 9. Qe2 Nbd7 10. Ndf3 Bh5 11. Rac1 Bxf3 12. Qxf3 Nxe5 13. dxe5 Bxe5 14. c4
Bxf4 15. exf4 d4 16. Rfe1 O-O 17. g4 Nd7 18. Qh3 g6 19. f5 e5 20. g5 c5 21. f6
Qd6 22. Qh6 Nxf6 23. gxf6 Qxf6 24. Re4 Rae8 25. Rce1 b6 26. Rh4 Qg7 27. Qxg7+
Kxg7 28. Rhe4 f6 29. f4 Re6 30. R4e2 Rfe8 31. f5 R6e7 32. Be4 Rf8 33. h4 Rg8
34. Rg2 Kh6 35. Rf1 1-0

[Event "DEM U10 2018"]
[Site "Willingen GER"]
[Date "2018.05.21"]
[Round "4"]
[White "von Mettenheim, Johannes"]
[Black "Scheerer, Julian"]
[Result "1-0"]
[Termination "normal"]
[Board "15"]
[WhiteElo "1581"]
[BlackElo "1301"]
[PlyCount "55"]
[WhiteFideId "16244818"]
[BlackFideId "16265769"]
[EventCountry "GER"]
[EventRounds "11"]
[EventType "swiss"]
[EventDate "2018.05.19"]

1. d4 d5 2. c4 e6 3. Nc3 Nf6 4. Bg5 Be7 5. e3 O-O 6. Nf3 h6 7. Bh4 Ne4 8. Bxe7
Qxe7 9. Bd3 Nxc3 10. bxc3 dxc4 11. Bxc4 b6 12. O-O Bb7 13. Ne5 c5 14. Qg4 Nc6
15. Nd3 Na5 16. Bb5 a6 17. Ba4 b5 18. Bc2 cxd4 19. cxd4 Rac8 20. Rac1 Bd5 21.
Bb1 Nc4 22. Rfd1 Qb7 23. Nc5 Qa7 24. e4 Nb2 25. exd5 Nxd1 26. Rxd1 exd5 27. Nd7
f5 28. Bxf5 1-0

[Event "DEM U10 2018"]
[Site "Willingen GER"]
[Date "2018.05.21"]
[Round "4"]
[White "Mader, Fabian"]
[Black "Ermitsch, Magnus"]
[Result "0-1"]
[Termination "normal"]
[Board "16"]
[WhiteElo "1095"]
[BlackElo "1560"]
[PlyCount "128"]
[WhiteFideId "16265866"]
[BlackFideId "16234464"]
[EventCountry "GER"]
[EventRounds "11"]
[EventType "swiss"]
[EventDate "2018.05.19"]

1. e4 c5 2. Nf3 e6 3. c3 Nf6 4. e5 Nd5 5. d4 cxd4 6. cxd4 b6 7. Bc4 Bb7 8. O-O
Qc7 9. Qe2 Be7 10. Nc3 Nxc3 11. bxc3 O-O 12. Be3 d5 13. Bd3 Nc6 14. Nd2 f5 15.
f4 Rac8 16. Rf3 Na5 17. Rc1 Nc4 18. Rh3 g6 19. Nxc4 dxc4 20. Bb1 Ba3 21. Rf1 b5
22. g4 Qc6 23. Qf3 Qxf3 24. Rfxf3 Bxf3 25. Rxf3 fxg4 26. Rg3 b4 27. Bd2 Bb2 28.
Re3 Rxf4 29. cxb4 Rf3 30. Re1 c3 31. Bc1 Ba1 32. Be4 Rf7 33. a3 Rfc7 34. Bc2
Kf7 35. Bg5 Bb2 36. a4 Ba3 37. a5 Bxb4 38. Rf1+ Kg7 39. Bf6+ Kh6 40. Rf4 Be7
41. Rxg4 Bxf6 42. exf6 Rf8 43. Rf4 {(=)} 43... Kg5 44. Rf3 Rxf6 45. h4+ Kxh4
46. Rxf6 Rd7 47. Rf4+ Kg5 48. Re4 Rd5 49. a6 Kf6 50. Bb3 Rb5 51. Rxe6+ Kf5 52.
Bc4 {(=)} 52... Rb1+ 53. Kf2 c2 54. Re5+ Kf4 55. Bd5 c1=Q 56. Re4+ Kf5 57. Re5+
Kf6 58. Re6+ Kg7 59. Re7+ Kh6 60. Rxa7 Qf4+ 61. Ke2 Rb2+ 62. Kd3 Rd2+ 63. Kc3
Qxd4+ 64. Kb3 Rb2+ 0-1

[Event "DEM U10 2018"]
[Site "Willingen GER"]
[Date "2018.05.21"]
[Round "4"]
[White "Klonov, Jakov"]
[Black "Policarpo, Raphael"]
[Result "0-1"]
[Termination "normal"]
[Board "17"]
[WhiteElo "1264"]
[BlackElo "1640"]
[PlyCount "134"]
[WhiteFideId "16211928"]
[BlackFideId "16237676"]
[EventCountry "GER"]
[EventRounds "11"]
[EventType "swiss"]
[EventDate "2018.05.19"]

1. e4 c5 2. c3 Qa5 3. Bc4 e6 4. d3 b5 5. Bb3 Bb7 6. Nf3 d5 7. exd5 exd5 8. O-O
Bd6 9. Bd2 c4 10. dxc4 bxc4 11. Ba4+ Bc6 12. Bxc6+ Nxc6 13. Re1+ Nge7 14. Nd4
O-O 15. Nxc6 Nxc6 16. Qg4 Ne5 17. Qg3 Qc7 18. Bf4 f6 19. Nd2 Rad8 20. Bxe5 fxe5
21. Qh3 e4 22. Qh5 Rf6 23. Qxd5+ Kh8 24. Qh5 Rh6 25. Qe2 Bxh2+ 26. Kf1 Bf4 27.
Nf3 Rh1+ 28. Ng1 Bh2 29. Qxe4 Rxg1+ 30. Ke2 Rxe1+ 31. Rxe1 Qe5 32. Qxe5 Bxe5
33. Kf3 Bf6 34. Re4 Rc8 35. Re3 h6 36. Ke4 Re8+ 37. Kd5 Rxe3 38. fxe3 Bg5 39.
e4 Bc1 40. e5 Kg8 41. Kxc4 Bxb2 42. g4 Kf7 43. Kd4 Ke6 44. Ke4 Bxc3 45. a3 Bxe5
46. a4 g6 47. Kf3 h5 48. gxh5 gxh5 49. Kg2 h4 50. Kh3 Bg3 51. Kg2 Kd5 52. Kh3
Kc4 53. Kg2 Kb4 54. Kh3 Kxa4 55. Kg2 Kb3 56. Kh3 a5 57. Kg2 a4 58. Kh3 a3 59.
Kg2 a2 60. Kh3 a1=Q 61. Kg2 Kc4 62. Kh3 Kd4 63. Kg2 Ke4 64. Kh3 Kf4 65. Kg2
Qb2+ 66. Kg1 Qf2+ 67. Kh1 Qh2# 0-1

[Event "DEM U10 2018"]
[Site "Willingen GER"]
[Date "2018.05.21"]
[Round "4"]
[White "Fruth, David"]
[Black "Rumpold, Jaron"]
[Result "0-1"]
[Termination "normal"]
[Board "18"]
[WhiteElo "1482"]
[BlackElo "1259"]
[PlyCount "120"]
[WhiteFideId "16257596"]
[BlackFideId "16265793"]
[EventCountry "GER"]
[EventRounds "11"]
[EventType "swiss"]
[EventDate "2018.05.19"]

1. e4 c5 2. d4 cxd4 3. c3 d3 4. Bxd3 Nc6 5. Nf3 e5 6. O-O Bc5 7. Bc4 Nf6 8. Bg5
O-O 9. Nbd2 h6 10. Bh4 Be7 11. Bg3 d6 12. Qc2 Qc7 13. Rad1 Bg4 14. h3 Bh5 15.
Rc1 Rad8 16. Nh2 d5 17. exd5 Nxd5 18. Bb5 Bd6 19. Nhf3 f6 20. Qb3 Bf7 21. Qd1
a6 22. Bxc6 Qxc6 23. c4 23... Nc7 {(=)} 24. c5 Be7 25. a3 e4 26. Nxe4 Rxd1 27.
Rfxd1 Qxe4 28. Re1 Qd3 29. Rxe7 Nd5 30. Rxb7 Rc8 31. c6 Kh7 32. Rxf7 Qb5 33. c7
Qe8 34. Ne5 fxe5 35. Rf5 Rxc7 36. Rxc7 Nxc7 37. Rxe5 Qa4 38. Re7 Nd5 39. Ra7
Qb5 40. Be5 Kg6 41. Rxg7+ Kf5 42. Bd4 Ke4 43. Rg4+ Kd3 44. Bg7 Ke2 45. Re4+ Kd3
46. Rd4+ Kc2 47. Bh8 Qe8 48. Bg7 Qe7 49. Bxh6 Qe1+ 50. Kh2 Qe5+ 51. Rf4 Nxf4
52. Bxf4 Qxf4+ 53. Kg1 Qc1+ 54. Kh2 Qxb2 55. Kg1 Qxa3 56. Kh2 Qd6+ 57. Kg1 a5
58. Kh1 a4 59. Kg1 a3 60. f3 a2 0-1

[Event "DEM U10 2018"]
[Site "Willingen GER"]
[Date "2018.05.21"]
[Round "4"]
[White "Hoppstädter, Daniel"]
[Black "Burkart, Lloyd Shang"]
[Result "1-0"]
[Termination "normal"]
[Board "19"]
[WhiteElo "1219"]
[BlackElo "1254"]
[PlyCount "113"]
[WhiteFideId "16243625"]
[BlackFideId "16239059"]
[EventCountry "GER"]
[EventRounds "11"]
[EventType "swiss"]
[EventDate "2018.05.19"]

1. e4 c5 2. Nf3 e6 3. d4 cxd4 4. Nxd4 Nc6 5. Nc3 Qc7 6. Ndb5 Qb8 7. Be3 a6 8.
Nd4 Nf6 9. Bd3 Be7 10. Na4 b5 11. Nxc6 dxc6 12. Nb6 Bb7 13. Nxa8 Qxa8 14. O-O
O-O 15. Qf3 c5 16. Qg3 Bxe4 17. Bxe4 Qxe4 18. Qc7 Re8 19. Bxc5 Qc4 20. Bd6 Qxc7
21. Bxc7 Rc8 22. Be5 Rxc2 23. Rac1 Rxc1 24. Rxc1 Kf8 25. Rc8+ Ne8 26. Bxg7+
Kxg7 27. Rxe8 Bf6 28. b3 a5 29. Rb8 b4 30. Ra8 Bc3 31. Rxa5 Bb2 32. Kf1 Ba3 33.
Ke2 Kg6 34. Ra4 Kf5 35. Kd3 Ke5 36. Kc2 Kf6 37. Rxa3 bxa3 38. Kc3 Ke5 39. Kb4
Kd5 40. Kxa3 Kc5 41. b4+ Kb5 42. Kb3 f5 43. f4 h5 44. a4+ Kb6 45. Kc4 h4 46.
a5+ Ka6 47. Kc5 e5 48. fxe5 h3 49. g3 Kb7 50. e6 f4 51. gxf4 Kc7 52. a6 Kc8 53.
e7 Kd7 54. e8=Q+ Kc7 55. Qe7+ Kc8 56. Kc6 Kb8 57. Qb7# 1-0

[Event "DEM U10 2018"]
[Site "Willingen GER"]
[Date "2018.05.21"]
[Round "4"]
[White "Bongardt, Livius"]
[Black "Henzgen, Pascal"]
[Result "1-0"]
[Termination "normal"]
[Board "20"]
[WhiteElo "1398"]
[BlackElo "1223"]
[PlyCount "105"]
[WhiteFideId "16265718"]
[BlackFideId "16263138"]
[EventCountry "GER"]
[EventRounds "11"]
[EventType "swiss"]
[EventDate "2018.05.19"]

1. e4 e5 2. Nf3 Nc6 3. Bc4 Be7 4. d4 d6 5. h3 Nf6 6. Nc3 O-O 7. O-O h6 8. a3 a5
9. Be3 b6 10. Qe2 Bb7 11. Rad1 Qc8 12. d5 Nb8 13. b4 Nbd7 14. Ra1 c6 15. Rad1
Qc7 16. Rfe1 Rac8 17. Bb3 cxd5 18. Nxd5 Nxd5 19. exd5 Ra8 20. Qb5 Ba6 21. Qc6
Qd8 22. b5 Rc8 23. bxa6 Rxc6 24. dxc6 Nb8 25. Bd5 Qc7 26. Rb1 Nxc6 27. Bxb6 Qc8
28. Re4 Qxa6 29. Bxc6 Qc8 30. Rc4 Qe6 31. Rc3 d5 32. Ba4 Rc8 33. Rxc8+ Qxc8 34.
Nxe5 Qe6 35. Nf3 Bxa3 36. Bxa5 d4 37. Bb3 Qe4 38. Re1 Qf4 39. Bd2 Qd6 40. Re5
d3 41. Rd5 Qf6 42. Rxd3 Qa1+ 43. Kh2 Bf8 44. Bc3 Qa8 45. Kg1 Qa3 46. g3 Qc1+
47. Kg2 Qa3 48. Rd7 Be7 49. Ne5 Qa8+ 50. Kh2 Bf8 51. Rxf7 Kh8 52. Rxf8+ Qxf8
53. Ng6+ 1-0

[Event "DEM U10 2018"]
[Site "Willingen GER"]
[Date "2018.05.21"]
[Round "4"]
[White "Müller, Mitja"]
[Black "Bräutigam, Alexander"]
[Result "0-1"]
[Termination "normal"]
[Board "21"]
[WhiteElo "1215"]
[BlackElo "1323"]
[PlyCount "66"]
[WhiteFideId "16265807"]
[BlackFideId "16245210"]
[EventCountry "GER"]
[EventRounds "11"]
[EventType "swiss"]
[EventDate "2018.05.19"]

1. d4 Nf6 2. c4 e6 3. Nc3 b6 4. Nf3 Bb7 5. Bf4 Be7 6. e3 d6 7. Bd3 d5 8. O-O
Nbd7 9. Re1 O-O 10. e4 dxe4 11. Nxe4 Nxe4 12. Bxe4 Bxe4 13. Rxe4 Nf6 14. Re1 c5
15. Be5 Ng4 16. Qd3 Nxe5 17. Nxe5 Qxd4 18. Qxd4 cxd4 19. Rad1 Bc5 20. a3 a5 21.
Re4 h6 22. Nc6 Rac8 23. Nxd4 Rfd8 24. Kf1 e5 25. Rxe5 Rxd4 26. Rde1 Rd2 27. f3
Rf2+ 28. Kg1 Rxb2+ 29. Kf1 Rf2+ 30. Kg1 Rxf3+ 31. Kh1 Rxa3 32. h4 Bb4 33. R1e4
Ra1+ 0-1

[Event "DEM U10 2018"]
[Site "Willingen GER"]
[Date "2018.05.21"]
[Round "4"]
[White "Pauscher, Moritz"]
[Black "Toth, Luca"]
[Result "1/2-1/2"]
[Termination "normal"]
[Board "22"]
[WhiteElo "1351"]
[BlackElo "1218"]
[PlyCount "56"]
[WhiteFideId "16265742"]
[BlackFideId "16260228"]
[EventCountry "GER"]
[EventRounds "11"]
[EventType "swiss"]
[EventDate "2018.05.19"]

1. e4 e5 2. Nf3 Nc6 3. Bc4 Bc5 4. d3 Nf6 5. Nc3 d6 6. Bg5 h6 7. Bxf6 Qxf6 8.
Nd5 Qd8 9. h3 Be6 10. Ne3 Qd7 11. Bxe6 fxe6 12. Qd2 O-O-O 13. O-O-O Ne7 14. d4
exd4 15. Nxd4 e5 16. Ne2 Qc6 17. Nd5 Nxd5 18. exd5 Qa4 19. Nc3 Qf4 20. Qxf4
exf4 21. Ne4 Bb6 22. Rhf1 Rde8 23. Nc3 Re5 24. Na4 Rhe8 25. Nxb6+ axb6 26. Rd2
Re1+ 27. Rxe1 Rxe1+ 28. Rd1 Re2 1/2-1/2

[Event "DEM U10 2018"]
[Site "Willingen GER"]
[Date "2018.05.21"]
[Round "4"]
[White "Westedt, Felix"]
[Black "Itin, Timofey"]
[Result "0-1"]
[Termination "normal"]
[Board "24"]
[WhiteElo "1049"]
[BlackElo "1298"]
[PlyCount "64"]
[WhiteFideId "16265874"]
[BlackFideId "16265777"]
[EventCountry "GER"]
[EventRounds "11"]
[EventType "swiss"]
[EventDate "2018.05.19"]

1. e4 e5 2. Nf3 Nc6 3. d4 d6 4. Nc3 Bg4 5. d5 Nd4 6. Bd3 h6 7. h3 Bh5 8. g4 Bg6
9. Nxd4 exd4 10. Ne2 Nf6 11. Nxd4 Nxe4 12. Bxe4 Bxe4 13. Qe2 Qe7 14. f3 Bxd5
15. Qxe7+ Bxe7 16. Bd2 Bf6 17. Nb5 O-O-O 18. Nxa7+ Kb8 19. Nb5 Bxf3 20. Rf1 Bg2
21. Rf2 Bh4 22. Ba5 b6 23. Bd2 Rde8+ 24. Kd1 Bxf2 25. Nc3 Bf3+ 26. Kc1 Be3 27.
Bxe3 Rxe3 28. Nd5 Bxd5 29. Kd2 Rxh3 30. Rd1 Bf3 31. Rg1 Re8 32. Re1 Rh2+ 0-1

[Event "DEM U10 2018"]
[Site "Willingen GER"]
[Date "2018.05.21"]
[Round "4"]
[White "Weyerer, Noah"]
[Black "Leubner, Paul Damdin"]
[Result "1/2-1/2"]
[Termination "normal"]
[Board "25"]
[WhiteElo "1263"]
[BlackElo "1127"]
[PlyCount "81"]
[WhiteFideId "16250664"]
[BlackFideId "16265858"]
[EventCountry "GER"]
[EventRounds "11"]
[EventType "swiss"]
[EventDate "2018.05.19"]

1. d4 d5 2. Bf4 Nf6 3. e3 e6 4. Nf3 Be7 5. Nbd2 O-O 6. Bd3 b6 7. c3 Bb7 8. Qc2
Nbd7 9. Ne5 Bd6 10. O-O-O c5 11. Nxf7 Rxf7 12. Bxd6 c4 13. Be2 Rc8 14. Bf4 Qe7
15. Nf3 Ne4 16. Rdf1 Ndf6 17. Ne5 Rff8 18. f3 Nd6 19. g4 Nd7 20. h4 Nf7 21.
Nxd7 Qxd7 22. g5 Nd6 23. Bd1 a5 24. Qa4 Bc6 25. Qc2 b5 26. a3 b4 27. axb4 axb4
28. cxb4 Ra8 29. Qd2 Rfd8 30. Bxd6 Qxd6 31. Qc3 Ra1+ 32. Kd2 Re8 33. f4 Raa8
34. Rf2 Rf8 35. b3 Rac8 36. Ke1 Rb8 37. Rhh2 Rxb4 38. bxc4 Rxc4 39. Qd3 Qb4+
40. Kf1 Rc1 41. Kg2 1/2-1/2

[Event "DEM U10 2018"]
[Site "Willingen GER"]
[Date "2018.05.21"]
[Round "4"]
[White "Fröhlich, Niklas"]
[Black "Malchereck, Romeo"]
[Result "1-0"]
[Termination "normal"]
[Board "26"]
[WhiteElo "1147"]
[BlackElo "1184"]
[PlyCount "85"]
[WhiteFideId "16245016"]
[BlackFideId "16265831"]
[EventCountry "GER"]
[EventRounds "11"]
[EventType "swiss"]
[EventDate "2018.05.19"]

1. e4 e5 2. Nf3 Nc6 3. Bc4 d6 4. d4 exd4 5. Nxd4 g6 6. Qf3 Ne5 7. Qc3 Nxc4 8.
Qxc4 Bg7 9. Nc3 Nf6 10. Bf4 O-O 11. Ndb5 Ne8 12. Rb1 a6 13. Nd4 Qf6 14. Nde2
Be6 15. Qb4 Rb8 16. Be3 c5 17. Qb6 Qd8 18. Qxd8 Rxd8 19. O-O Nf6 20. Rbd1 b6
21. Rd2 Bg4 22. f3 Be6 23. Rfd1 Ne8 24. Bf4 Bxc3 25. Nxc3 f5 26. exf5 Bxf5 27.
Nd5 b5 28. Ne7+ Kg7 29. Nxf5+ gxf5 30. Rf2 d5 31. g4 fxg4 32. fxg4 Kg6 33. h4
h5 34. Re1 Nf6 35. Re6 hxg4 36. Bg5 Rde8 37. Rfxf6+ Rxf6 38. Rxf6+ Kg7 39. h5
Re2 40. h6+ Kg8 41. Rxa6 Rxc2 42. Ra7 Rxb2 43. h7+ 1-0

[Event "DEM U10 2018"]
[Site "Willingen GER"]
[Date "2018.05.21"]
[Round "4"]
[White "Held, Momme Fredrik"]
[Black "Cromm, Mika"]
[Result "1-0"]
[Termination "normal"]
[Board "27"]
[WhiteElo "1674"]
[BlackElo "1374"]
[PlyCount "75"]
[WhiteFideId "16237692"]
[BlackFideId "16244915"]
[EventCountry "GER"]
[EventRounds "11"]
[EventType "swiss"]
[EventDate "2018.05.19"]

1. e4 e5 2. Nf3 Nc6 3. Bc4 Bc5 4. c3 Nf6 5. d4 exd4 6. cxd4 Bb4+ 7. Bd2 Bxd2+
8. Nbxd2 d5 9. exd5 Nxd5 10. Qb3 Na5 11. Qa4+ Nc6 12. Qa3 Ncb4 13. Qb3 Be6 14.
a3 Nc6 15. Qxb7 Nce7 16. Bb5+ Bd7 17. Bxd7+ Kxd7 18. Qb5+ c6 19. Ne5+ Ke8 20.
Nxc6 Kf8 21. Nxd8 Rxd8 22. O-O g6 23. Rae1 Nf5 24. Re5 Nxd4 25. Qc5+ Ne7 26.
Qxe7+ Kg7 27. g4 Nc6 28. Qc5 Nxe5 29. Qxe5+ Kg8 30. Ne4 h6 31. Nf6+ Kf8 32.
Nd7+ Rxd7 33. Qxh8+ Ke7 34. Re1+ Kd6 35. Qe5+ Kc6 36. Rc1+ Kb7 37. Qb5+ Ka8 38.
Rc8# 1-0

[Event "DEM U10 2018"]
[Site "Willingen GER"]
[Date "2018.05.21"]
[Round "4"]
[White "Udelnov, Valentin"]
[Black "Kamleiter, Noah"]
[Result "0-1"]
[Termination "normal"]
[Board "28"]
[WhiteElo "1377"]
[BlackElo "1213"]
[PlyCount "104"]
[WhiteFideId "16265734"]
[BlackFideId "16265815"]
[EventCountry "GER"]
[EventRounds "11"]
[EventType "swiss"]
[EventDate "2018.05.19"]

1. e4 b6 2. Nf3 Bb7 3. Nc3 e6 4. d4 Bb4 5. Bd3 Nf6 6. Qe2 O-O 7. O-O d6 8. Bg5
Nbd7 9. e5 Bxf3 10. Qxf3 dxe5 11. Bxf6 Qxf6 12. Qc6 exd4 13. Nb5 Ne5 14. Qxc7
Rfc8 15. Qb7 Nxd3 16. cxd3 a6 17. Na7 Qe7 18. Qxe7 Bxe7 19. Nxc8 Rxc8 20. Rac1
Rxc1 21. Rxc1 Bc5 22. a3 a5 23. f4 Kf8 24. Kf2 Ke7 25. Kf3 Kd6 26. g4 Kd5 27.
g5 g6 28. Rg1 b5 29. b3 Bxa3 30. Rg3 Bb2 31. Rh3 a4 32. Rg3 a3 33. Rg1 a2 34.
h4 a1=Q 35. Rxa1 Bxa1 36. b4 Bc3 37. Kg4 Bxb4 38. h5 Bd6 39. h6 b4 40. Kf3 b3
41. Ke2 b2 42. Kd2 b1=Q 43. f5 Bf4+ 44. Ke2 Qc2+ 45. Kf3 Qxd3+ 46. Kxf4 Qe4+
47. Kg3 Qxf5 48. Kh4 Qf4+ 49. Kh3 Qxg5 50. Kh2 Ke4 51. Kh1 Kf3 52. Kh2 Qg2# 0-1

[Event "DEM U10 2018"]
[Site "Willingen GER"]
[Date "2018.05.21"]
[Round "4"]
[White "Sinka, Silas"]
[Black "Hubert, Nikita"]
[Result "0-1"]
[Termination "normal"]
[Board "29"]
[WhiteElo "1186"]
[BlackElo "1122"]
[PlyCount "148"]
[WhiteFideId "16265823"]
[BlackFideId "16235754"]
[EventCountry "GER"]
[EventRounds "11"]
[EventType "swiss"]
[EventDate "2018.05.19"]

1. f4 d5 2. Nf3 Nf6 3. e3 Bf5 4. c4 e6 5. d3 Nc6 6. Be2 dxc4 7. dxc4 Qxd1+ 8.
Bxd1 O-O-O 9. O-O Bc5 10. Nc3 Ng4 11. Re1 Rd3 12. Bc2 Rd7 13. Bxf5 exf5 14. h3
Nf6 15. a3 Re8 16. b4 Bd6 17. Rd1 Red8 18. Bb2 Be7 19. b5 Na5 20. Ne5 Rxd1+ 21.
Rxd1 Rxd1+ 22. Nxd1 Bc5 23. Bc3 Nb3 24. Bb4 Bxb4 25. axb4 Na1 26. Nxf7 Nc2 27.
Ng5 h6 28. Ne6 Ne8 29. Nd4 Nxd4 30. exd4 Kd7 31. Ne3 g6 32. g4 fxg4 33. Nxg4 g5
34. fxg5 hxg5 35. Ne5+ Ke6 36. Nf3 Kf5 37. Ne5 Ke4 38. Nf7 Kxd4 39. Nxg5 Kxc4
40. h4 Ng7 41. Nf7 Kxb4 42. Nd8 a5 43. bxa6 bxa6 44. Nc6+ Kc5 45. Na5 Kb5 46.
Nb3 a5 47. Nd4+ Kc4 48. Nc2 a4 49. Kf2 Kc3 50. Na3 Kb3 51. Nb1 Kb2 52. Nd2 a3
53. Nc4+ Kb3 54. Nxa3 Kxa3 55. Ke2 Kb3 56. Kd2 c5 57. Kc1 c4 58. Kb1 c3 59. Kc1
c2 60. h5 Nxh5 61. Kd2 Kb2 62. Kd3 c1=Q 63. Kd4 Kb3 64. Kd5 Kb4 65. Kd6 Kb5 66.
Kd7 Kb6 67. Kd6 Qd1+ 68. Ke5 Kc5 69. Ke6 Qd5+ 70. Ke7 Qd6+ 71. Kf7 Kc6 72. Ke8
Kc7 73. Kf7 Qf6+ 74. Ke8 Ng7# 0-1